| 000 | 00538nam a22001577a 4500 | ||
|---|---|---|---|
| 003 | NUST | ||
| 082 | _a610 | ||
| 100 |
_aFatima ,Shehzadi Irum _9122379 |
||
| 245 |
_aIdentification and Characterization of Cathepsins in Parkinsonism / _cShehzadi Irum Fatima |
||
| 264 |
_aIslamabad: _bSMME- NUST. _c2021. |
||
| 300 |
_a122p. ; _bSoft Copy, _c30cm. |
||
| 650 | _aMS Biomedical Sciences (BMS) | ||
| 700 |
_aSupervisor : Dr. Saima Zafar _9122351 |
||
| 856 | _uhttp://10.250.8.41:8080/xmlui/handle/123456789/25857 | ||
| 942 |
_2ddc _cTHE |
||
| 999 |
_c608873 _d608873 |
||